Folk arts of Uttar Pradsh / (Record no. 39361)

MARC details
000 -LEADER
fixed length control field 00706nam a22002057a 4500
005 - DATE AND TIME OF LATEST TRANSACTION
control field 20100805110935.0
010 ## - LCCN (DPL NO)
LC control number ENG-98195
020 ## - INTERNATIONAL STANDARD BOOK NUMBER
International Standard Book Number 9788173872204
Terms of availability 950.00
035 ## - SYSTEM CONTROL NUMBER
System control number EN-81728
037 ## - SOURCE OF ACQUISITION
Source of stock number/acquisition DBAD/PUB
082 ## - DEWEY DECIMAL CLASSIFICATION NUMBER
Classification number 745.095413
100 ## - MAIN ENTRY--PERSONAL NAME
Personal name Jain, Madhu
245 ## - TITLE STATEMENT
Title Folk arts of Uttar Pradsh /
Statement of responsibility, etc by Madhu Jain
260 ## - PUBLICATION, DISTRIBUTION, ETC. (IMPRINT)
Place of publication, distribution, etc New Delhi
Name of publisher, distributor, etc Indus Publishig Company
Date of publication, distribution, etc 2009
270 ## - ADDRESS
Address FS-5, tagore Garden
City New Delhi
Postal code 110027
300 ## - PHYSICAL DESCRIPTION
Extent 135p.
Dimensions 24cm (Hb)
500 ## - GENERAL NOTE
General note Includes index
942 ## - ADDED ENTRY ELEMENTS (KOHA)
Source of classification or shelving scheme Dewey Decimal Classification
Item type English Books
Classification part 745.095413
Call number suffix JAI
Holdings
Withdrawn status Lost status Not for loan Collection code Home library Current library Date acquired Source of acquisition Cost, normal purchase price Full call number Barcode Copy number Cost, replacement price Koha item type
    Not For Loan Non-fiction D.B.Act.Division D.B.Act.Division 05/08/2010 DABD/PUB 950.00 745.095413 JAI EN-81728 1 950.00 English Books

© Delhi Public Library
Hit Counter
free hit counter